|
|
|
|
| LEADER |
00000cam a2200000 7i4500 |
| 001 |
0000114792 |
| 005 |
20080104.0 |
| 020 |
|
|
|a 0737736119
|
| 090 |
0 |
0 |
|a 920
|b YOU
|
| 100 |
1 |
|
|a Woog, Adam
|
| 245 |
1 |
0 |
|a Jyotirmayee Mohapatra :
|b Advocate for India's young women
|c Adam Woog
|
| 260 |
|
|
|a Detroit :
|b Thomson Gale ,
|c 2007
|
| 300 |
|
|
|a 48p. :
|b ill. col. ;
|c 24cm.
|
| 490 |
0 |
|
|a Young Heroes
|
| 600 |
1 |
0 |
|a Mohapatra, Jyotirmayee ,
|d 1978-
|
| 650 |
0 |
0 |
|a Feminits
|z India
|x Biography
|
| 650 |
0 |
0 |
|a Girls
|z India
|x Societies and clubs
|
| 650 |
0 |
0 |
|a Social action
|z India
|x Case studies
|
| 650 |
0 |
0 |
|a Women social reformers
|z India
|x Biograhy
|
| 650 |
0 |
0 |
|a Young volunteers
|z India
|x Biography
|
| 999 |
|
|
|a 00208295
|b BUKU
|c RUJUKAN
|e PERPUSTAKAAN KOMUNITI PETALING JAYA
|